| 000 | 00807nam a2200265 a 4500 | ||
|---|---|---|---|
| 001 | 4341862 | ||
| 005 | 20231208035545.0 | ||
| 008 | 881122s1983 my b 000 0 eng | ||
| 040 |
_aDLC _cDLC _dDLC |
||
| 082 | 0 | 0 |
_a305.4/095 _219 _bBin. |
| 100 | 1 | _aAgarwal, Bina. | |
| 245 | 1 | 0 |
_aWomen's studies in Asia and the Pacific : _ban overview of current status and needed priorities / _cBina Agarwal. |
| 260 |
_aKuala Lumpur, Malaysia : _bAPDC, _c1983. |
||
| 300 | _a82 p. ; | ||
| 490 | 1 | _aOccasional paper / Programme on Women in Development, Asian and Pacific Development Centre ; | |
| 500 | _a"November 1983." | ||
| 500 | _aErrata slip inserted. | ||
| 650 | 0 | _aWomen | |
| 650 | 0 | _aWomen | |
| 650 | 0 | _aWomen's studies | |
| 650 | 0 | _aWomen's studies | |
| 650 | 0 | _aWomen | |
| 650 | 0 | _aWomen | |
| 942 | _cL | ||
| 999 |
_c163 _d163 |
||